[Event "Traum Seniors op 12th"]
[Site "Oberstdorf"]
[Date "2005.07.10"]
[Round "3"]
[White "Maugg, Ludwig"]
[Black "Schaefer, Thomas"]
[Result "1/2-1/2"]
[WhiteElo "1949"]
[BlackElo "1941"]
[PlyCount "30"]
[EventDate "2005.07.08"]
[EventType "swiss"]
[EventRounds "9"]
[EventCountry "GER"]
[SourceTitle "EXT 2007"]
[Source "ChessBase"]
[SourceDate "2006.11.23"]
[SourceVersion "1"]
[SourceVersionDate "2006.11.23"]
[SourceQuality "1"]

1. d4 d5 2. c4 Nc6 3. cxd5 Qxd5 4. e3 e5 5. Nc3 Bb4 6. Bd2 Bxc3 7. bxc3 Qd6 8. Bd3 Nf6 9. f3 0-0 10. Ne2 Re8 11. 0-0 Ne7 12. e4 c5 13. d5 Ng6 14. c4 Bd7 15. Rb1 b5 1/2-1/2